01280 a2200181 45000010006000000050017000060080041000230030015000640400040000790800145001192450025002642500011002892640037003003000019003375050701003561000015010577000026010723338720260407155626.0260407a1969 arg spa dAR-UNSa-BCEJYS aAR-UNSa-BCEJYSbspacAR-UNSa-BCEJYS a658.012.4xGestión. Dirección. Autoridad. Técnicas y métodos de gestión (gestión del conocimiento, Outsourcing, Benchmarking...)10aControl de gestión a5a. ed 1aBilbao :bEdiciones Deustoc1969 a357 p.c21 cm. aI: Introducción al control de gestión : 1. La dirección de la empresa y el control de gestión - 2. Las bases de comparación - 3. La presentación de las estadísticas - 4. Estructura de las operaciones de control de gestión - II: El método del control de gestión: 5. Teoría del control de gestión - 6. La situación comercial - 7. La situación técnica - 8. La situación económica - 9. La situación financiera - III: Estimación de los resultados: 10. El examen de la situación - 11. Resúmenes de datos para el consejo de administración e informes de control de gestión - IV: Conclusiones: 12. Aplicaciones prácticas del control de gestión- Apéndice1 aRose, T.G.1 aIrala Urrutia, Javier